Hỏi và đáp về văn hoá Việt nam /
Gorde:
| Formatua: | Sách giấy |
|---|---|
| Hizkuntza: | Vietnamese |
| Argitaratua: |
H. :
Văn hoá dân tộc,
2000
|
| Edizioa: | Tái bản lần thứ ba |
| Etiketak: |
Etiketa erantsi
Etiketarik gabe, Izan zaitez lehena erregistro honi etiketa jartzen!
|
| Thư viện lưu trữ: | Thư viện Trường Đại học Đà Lạt |
|---|
| LEADER | 00661nam a2200277 4500 | ||
|---|---|---|---|
| 001 | DLU030020848 | ||
| 003 | ##DLU | ||
| 005 | ##20021230 | ||
| 008 | ##021230t vn z000 vie d | ||
| 040 | # | # | |a DLU |b vie |
| 041 | # | # | |a vie |
| 044 | # | # | |a vn |
| 082 | # | # | |a 306.089 959 2 |b Hoi |
| 245 | # | # | |a Hỏi và đáp về văn hoá Việt nam / |
| 250 | # | # | |a Tái bản lần thứ ba |
| 260 | # | # | |a H. : |b Văn hoá dân tộc, |c 2000 |
| 300 | # | # | |a 305 tr. ; |c 19 cm |
| 992 | # | # | |a 24000 |
| 994 | # | # | |a DLU |
| 900 | # | # | |a True |
| 911 | # | # | |a Phan Ngọc Đông |
| 925 | # | # | |a G |
| 926 | # | # | |a A |
| 927 | # | # | |a SH |
| 980 | # | # | |a Thư viện Trường Đại học Đà Lạt |